00726 2200253 4500001002100000005001500021035002000036007000300056008004100059020002200100082001000122084001600132100001900148245010900167250001000276260003900286300003200325650004100357700001100398520003000409520001100439990001100450990001100461INLIS00000000000380820190724085842 a0010-0719000226ta190724 g 0 ind  a978-602-313-062-7 a371.2 a371.2 NUR k0 aNURUL, Hidayah1 aKepemimpinan Visioner Kepala Sekolah dalam Meningkatkan Mutu Pendidikan /cNurul Hidayah; editor, Nurhid acet.1 aYogyakarta :bAr-Ruzz Media,c2016 a293 hlm. :bilus. ;c24 cm. 4aKEPALA SEKOLAH. ADMINISTRASI SEKOLAH0 aNURHID aBibliografi: hlm. 273-287 aIndeks a5545 a a5545 b